000 00390nam a2200145Ia 4500
008 220120s9999||||xx |||||||||||||| ||und||
020 _a9788181733660
082 _a621.815 BHA
100 _aBhandari V.B
245 0 _aDesign of Machine Elements
250 _a3
260 _aTata mc graw hill ltd.
_bNew delhi
_c2010
300 _axv;1008
_b585
650 _aELECTRONICS AND COMMUNICATIONS
999 _c132593
_d132593